000 00807nam a2200241Ia 4500
003 OSt
005 20220923211615.0
006 a|||||r|||| 00| 0
007 ta
008 220922b |||||||| |||| 00| 0 san d
024 _a3,452
037 _cTextual
040 _aARTS
_cARTS
_bsan
041 _2san
_asan
082 _aO15jM98, 152M7
100 _aविष्णुदत्त राकेश, संपा.
_9160984
245 0 _aवैदिक साहित्य, संस्कृति और समाजदर्शन
246 _aVaidik sāhitya, sanskṛuti aur samājadarshana
260 _c1987
300 _a564पृ0
_ccm.
942 _hO15jM98, 152M7
_cTEXL
_2CC
999 _c301365
_d301365